Регионална библиотека "Любен Каравелов" - Русе

Мъже без жени (Запис номер 176914)

MARC детайли
000 -Лидер
Контролно поле с фиксирана дължина 01326nam a2200349 c 4500
003 - Код на организацията, давaща контролен номер
Контролно поле BLK
005 - Дата и час на последна редакция
Контролно поле 20250512154202.0
008 - Елементи от данни с фиксирана дължина
fixed length control field 180411b bul|||||r ||||||| ||bul||
010 ## - Наследен системен номер
LC control number KNG00185548000
020 ## - Международен стандартен номер на книга ISBN
Международен стандартен номер на книга ISBN 978-619-150-711-5
-- издат.: Колибри
040 ## - Източник на каталожния запис
Идентификатор на билиотеката - собственик на записа BLK
041 ## - Код за език
Код за езика на текст/звукозапис или на отделно заглавие Български
Код за езика КДБФ Български
072 #7 - Код за тематичната категория
Код организация bullib
Код за тематична категория Н83
Текст Чужда художествена литература Н
080 ## - УДК
Текстов определител УДК Японска литература
УДК код - определител по УДК 821.521
УДК определител -32
УДК - код + определител 821.521-32
100 1# - Редна дума - Автор
Автор Мураками Харуки
Авторска отговорност първи автор
R(LIN) 270010
139 ## - Редно поле
Редна дума Мураками Харуки
Авторски знак Му - М 95
245 10 - Сведения за заглавието
Заглавие Мъже без жени
Подзаглавни данни Разкази
Редно поле (дума) Мураками Харуки; прев. Дора Минчева Барова.
257 ## - Страна на издаване
Страна на създаване/издаване Япония
260 ## - Област на издателските данни
-- София
Име на издателя, разпространителя и проч. Колибри
Година на издаване 2015
Печатница София : Инвестпрес
300 ## - Физическа характеристика
Страници 254 с.
Размери/Мащаб 20 см
380 ## - Жанр
Жанр Худож. лит.
500 ## - Общи забележки
Забележка Ориг. загл. Oona no inai otokotachi / Haruki Murakami.
653 ## - Ключова дума – ненормативна
Ключова дума разкази
659 ## - Тематичен бюлетин
Тематичен бюлетин Н
700 1# - Други автори (авторска отговорност)
Лично име Барова, Дора Минчева
Автороска отговорност (Описва отношението между автора и произведението) прев.
9 (RLIN) 368178
852 ## - Местоположение
Форматна сигнатура Цб 278629
856 4# - Електронен адрес и достъп
Електронен формат pdf - файл
Път до файла /url/
856 4# - Електронен адрес и достъп
Електронен формат pdf - файл
Път до файла /url/
942 ## - АРТИКУЛИ
Вид на библиотечния материал Книги
Скрит в OPAC Не
Koha issues (borrowed), all copies 39
944 ## - СЪЗДАВАНЕ И РЕДАКЦИЯ на ЗАПИСА
Създаване/Редакция Създаване
Дата на регистрацията/редакция 15.12.2015
Статус, дата на статуса Русанова Ирена
Служител, извършил регистрацията/редакцията 30542
944 ## - СЪЗДАВАНЕ И РЕДАКЦИЯ на ЗАПИСА
Създаване/Редакция Редакция
Дата на регистрацията/редакция 19.10.2016
Статус, дата на статуса ф /
Служител, извършил регистрацията/редакцията Пенка_Димитрова
999 ## - СИСТЕМНИ КОНТРОЛНИ НОМЕРА
Koha biblionumber 176914
Koha biblioitemnumber 176914
Наличности
Код за отписване Код за изгубен артикул Източник на класификационната схема Код за повреда Коз за рестрикции Код за отдаване Артикулен № Име на библиотеката - собственик Име на библиотеката, в която се намира в момента Статус (Текущо местоположение) Дата на вписване в системата Местоположение - отдел Цена в лева Инвентарен номер Систематично азбучна сигнатура Баркод Номер на екземпляра Цена в евро Служебна бележка Служебен тип на артикула
  Не е изгубен Universal Decimal Classification Не е повреден без рестрикции заемане за дома 304262 Регионална библиотека "Любен Каравелов" Русе Регионална библиотека "Любен Каравелов" Русе Заемна - подръчен фонд 2015-12-21 Заемна - подръчен фонд 15.00 120000796091 П 895-32/М 95 120000796091 1 7.67 Дост: Pk Вид: Ф N: 449 Дата: 14.12.2015 Дата инв: 08.02.2018 Бележки инв: П2018 Книги
  Не е изгубен Universal Decimal Classification Не е повреден без рестрикции заемане за дома 304263 Регионална библиотека "Любен Каравелов" Русе Регионална библиотека "Любен Каравелов" Русе Заемна - подръчен фонд 2015-12-21 Заемна - подръчен фонд 15.00 120000796092 П 895-32/М 95 120000796092 2 7.67 Дост: Pk Вид: Ф N: 449 Дата: 14.12.2015 Дата инв: 16.02.2018 Бележки инв: П2018 Книги
  Не е изгубен   Не е повреден без рестрикции ползва се в читалня 304264 Регионална библиотека "Любен Каравелов" Русе Регионална библиотека "Любен Каравелов" Русе Хранилище 2016-10-20 Хранилище 15.00 120000805009 Цб 278629 120000805009 3 7.67 Дост: Dp Вид: Д N: 40 Дата: 10.09.2016 Книги
Vip Innovations Ltd, Rousse, Bulgaria 2025